000 00506nam a2200169Ia 4500
005 20250507152052.0
008 231217s9999 xx 000 0 und d
020 _a9780070264984
082 _a001.6424JAV SIE1;7
100 _aSierra, Kathy. Bates, Bert.
245 0 _aSCJP : sun certified programmer for Java 6 study guide
260 _c2008
_bTata McGraw Hill
_aNew Delhi
300 _axxxvi, 851
500 _aContent pages available.
650 _aSCJP,certified,programmer,Java,6
942 _cAA
999 _c185729
_d185729